NLSUI OPAC header image

Criminal law / (Record no. 16432)

MARC details
000 -LEADER
fixed length control field 01613nam a2200241Ia 4500
003 - CONTROL NUMBER IDENTIFIER
control field OSt
005 - DATE AND TIME OF LATEST TRANSACTION
control field 20260413111937.0
008 - FIXED-LENGTH DATA ELEMENTS--GENERAL INFORMATION
fixed length control field 160316s2000 xxu||||| |||| 00| 0 eng d
020 ## - INTERNATIONAL STANDARD BOOK NUMBER
International Standard Book Number 8180381188 (pbk.)
040 ## - CATALOGING SOURCE
Transcribing agency n
082 ## - DEWEY DECIMAL CLASSIFICATION NUMBER
Classification number 345 PIL
100 ## - MAIN ENTRY--PERSONAL NAME
Personal name Pillai, P S A
245 ## - TITLE STATEMENT
Title Criminal law /
Statement of responsibility, etc. P S A Pillai, V. Suresh and D. Nagasaila
250 ## - EDITION STATEMENT
Edition statement 9th ed.
260 ## - PUBLICATION, DISTRIBUTION, ETC.
Place of publication, distribution, etc. New Delhi :
Name of publisher, distributor, etc. Butterworths India,
Date of publication, distribution, etc. 2000.
300 ## - PHYSICAL DESCRIPTION
Extent lx, 990 p. ;
Dimensions 23 cm.
365 ## - TRADE PRICE
Price amount Rs.650
505 ## - FORMATTED CONTENTS NOTE
Formatted contents note Chapter 1: Nature of Crime;<br/>Chapter 2: Historical Outline<br/>Chapter 3: Penal Law in India<br/>Chapter 4: Constituent Elements of Crime;<br/>Chapter 5: Mens Rea<br/>Chapter 6 General Exceptions: An Introduction<br/>Chapter 7: Mistake of Fact<br/>Chapter 8 Judicial Acts.<br/>Chapter 9: Accident and Misfortune<br/>Chapter 10: Infancy<br/>Chapter 11: Insanity Or Mental Abnormality<br/>Chapter 12: Intoxication;<br/>Chapter 13: Consent, Compulsion and Duress<br/>Chapter 14: Trivial Acts<br/>Chapter 15: Private Defence<br/>Chapter 16 Attempt: The Law of Inchoate Crimes;<br/>Chapter 17 Joint Liability.<br/>Chapter 18: Abetment<br/>Chapter 19 Criminal Conspiracy.<br/>Chapter 20 Of Punishment' s;<br/>Chapter 21 Jurisdiction.<br/>Chapter 22: Offences Against the State;<br/>Chapter 23: Offences Relating to Army, Navy and Air Force;<br/>Chapter 24: Offences Against the Public Tranquility;<br/>Chapter 25: Offences Relating to Elections;<br/>Chapter 26: Contempts of the Lawful Authority of Public Servants;<br/>Chapter 17: False Evidence and Offences Against Public Justice<br/>Index<br/>
650 ## - SUBJECT ADDED ENTRY--TOPICAL TERM
Topical term or geographic name entry element Criminal law
700 ## - ADDED ENTRY--PERSONAL NAME
Personal name Suresh, V.
--
700 ## - ADDED ENTRY--PERSONAL NAME
Personal name Nagasaila, D.
942 ## - ADDED ENTRY ELEMENTS (KOHA)
Source of classification or shelving scheme Dewey Decimal Classification
Koha item type BOOKs
Holdings
Withdrawn status Lost status Damaged status Not for loan Home library Current library Shelving location Date acquired Cost, normal purchase price Total Checkouts Total Renewals Full call number Barcode Date last seen Date last checked out Price effective from Koha item type
        . . Library Compactors 30.05.2017 650.00 7 1 345 PIL-1 16282 15.01.2025 31.12.2024 30.05.2017 BOOKs
        . .   30.05.2017 650.00     345 PIL-2 16283 14.06.2024   30.05.2017 BOOKs
        . . NAB Compactor 30.05.2017 650.00 1 4 345 PIL-3 16284 14.01.2023 15.12.2022 30.05.2017 BOOKs
        . . NAB Compactor 30.05.2017 650.00 1 1 345 PIL-4 16285 30.12.2022 23.12.2022 30.05.2017 BOOKs
        . . NAB Compactor 30.05.2017 650.00 2 6 345 PIL-5 16286 30.01.2023 12.12.2022 30.05.2017 BOOKs
        . . NAB Compactor 30.05.2017 650.00     345 PIL-6 16287 30.05.2017   30.05.2017 BOOKs